Quiz - Les lettres de l'alphabet latin - Statistiques

Statistiques générales
  • Ce quiz a été pris 93 fois
  • Le résultat moyen est 22 sur 26
Statistiques - réponses
Réponse % Correct
a
100%
e
98%
b
94%
d
93%
c
91%
g
91%
i
91%
l
91%
p
91%
f
89%
h
89%
j
89%
k
87%
m
87%
o
87%
r
85%
t
81%
n
80%
q
80%
u
78%
s
74%
v
72%
z
72%
w
69%
y
69%
x
67%
Aucun quiz correspondant
Distribution des résultats
% des personnes avec chaque résultat
Percentile par nombre de réponses
Votre historique - résultats
Vous n’avez pas pris ce quiz